Isotopes and radiation in soil organic-matter studies. / (Record no. 158922)

MARC details
000 -LEADER
fixed length control field 01171nam a2200253 4500
008 - FIXED-LENGTH DATA ELEMENTS--GENERAL INFORMATION
fixed length control field
090 01 - LOCALLY ASSIGNED LC-TYPE CALL NUMBER (OCLC); LOCAL CALL NUMBER (RLIN)
Classification number (OCLC) (R) ; Classification number, CALL (RLIN) (NR) S590
003 - CONTROL NUMBER IDENTIFIER
control field
005 - DATE AND TIME OF LATEST TRANSACTION
control field 20230123134033.0
040 ## - CATALOGING SOURCE
Transcribing agency NUST
049 ## - LOCAL HOLDINGS (OCLC)
Holding library MAIN
111 2# - MAIN ENTRY--MEETING NAME
Meeting name or jurisdiction name as entry element Symposium on the Use of Isotopes and Radiation in Soil Organic-Matter Studies,
Date of meeting or treaty signing (1968 :
Location of meeting Vienna)
245 00 - TITLE STATEMENT
Title Isotopes and radiation in soil organic-matter studies. /
Statement of responsibility, etc. Proceedings of the Symposium ... jointly organized by the International Atomic Energy Agency and the Food and Agriculture Organization of the United Nations in co-operation with the International Soil Science Society and held in Vienna, 15-19 July 1968.
260 ## - PUBLICATION, DISTRIBUTION, ETC.
Place of publication, distribution, etc. Vienna :
Name of publisher, distributor, etc. International Atomic Energy Agency,
Date of publication, distribution, etc. 1968.
300 ## - PHYSICAL DESCRIPTION
Extent 584 p. ;
Dimensions 24 cm.
490 0# - SERIES STATEMENT
Series statement Proceedings series.
504 ## - BIBLIOGRAPHY, ETC. NOTE
Bibliography, etc. note Includes bibliographical references.
650 #0 - SUBJECT ADDED ENTRY--TOPICAL TERM
Topical term or geographic name entry element Radioisotopes in soil chemistry
Form subdivision Congresses.
710 2# - ADDED ENTRY--CORPORATE NAME
Corporate name or jurisdiction name as entry element International Atomic Energy Agency.
710 2# - ADDED ENTRY--CORPORATE NAME
Corporate name or jurisdiction name as entry element Food and Agriculture Organization of the United Nations.
710 2# - ADDED ENTRY--CORPORATE NAME
Corporate name or jurisdiction name as entry element International Society of Soil Science.
907 ## - LOCAL DATA ELEMENT G, LDG (RLIN)
a .b1016795x
b 10-01-06
c 15-07-05
942 ## - ADDED ENTRY ELEMENTS (KOHA)
Koha item type Ordinary Loan Books
Call number prefix S590
Holdings
Date last seen Total Checkouts Full call number Barcode Cost, replacement price Price effective from Koha item type Lost status Source of classification or shelving scheme Damaged status Not for loan Collection Withdrawn status Home library Current library Shelving location Date acquired Cost, normal purchase price
01/23/2023   S590 ISO 92003015174 80.00 01/23/2023 BOOKS   LCC     NFIC   MAIN MAIN GEN 01/23/2023 80.00